[Event "DSJ Weihnachtsturnier U20 2020"]
[Site "https://play.chessbase.com/en/play?room=DSJWeihnachtU20"]
[Date "2020.12.29"]
[Round "6"]
[White "Martin, Julian"]
[Black "Schindler, Tobias"]
[Result "1-0"]
[Termination "normal"]
[Board "8.1"]
[WhiteTitle "IM"]
[WhiteElo "2387"]
[BlackElo "1998"]
[WhiteTeam "OSG Baden-Baden"]
[BlackTeam "SK Kelheim 1920"]
[PlyCount "101"]
[WhiteFideId "12941000"]
[BlackFideId "12963585"]
[EventRounds "7"]
[EventType "team-swiss"]
[EventDate "2020.12.29"]

1. e4 {[%emt 0:00:03]} c5 {[%emt 0:00:03]} 2. Nf3 {[%emt 0:00:02]} d6 {[%emt
0:00:02]} 3. Nc3 {[%emt 0:00:02]} Nc6 {[%emt 0:00:12]} 4. d4 {[%emt 0:00:03]}
cxd4 {[%emt 0:00:02]} 5. Nxd4 {[%emt 0:00:00]} Nf6 {[%emt 0:00:02]} 6. g3 {
[%emt 0:00:02]} g6 {[%emt 0:00:19]} 7. Nde2 {[%emt 0:00:02]} Bg7 {[%emt
0:00:07]} 8. Bg2 {[%emt 0:00:03]} O-O {[%emt 0:00:03]} 9. O-O {[%emt 0:00:01]}
Rb8 { [%emt 0:00:20]} 10. a4 {[%emt 0:00:04]} b6 {[%emt 0:00:23]} 11. Nd5
{[%emt 0:00:04]} Bb7 {[%emt 0:00:17]} 12. Ra2 {[%emt 0:00:03]} e6 {[%emt
0:00:36]} 13. Nxf6+ {[%emt 0:00:05]} Bxf6 {[%emt 0:00:02]} 14. b3 {[%emt
0:00:06]} d5 { [%emt 0:00:18]} 15. exd5 {[%emt 0:00:06]} Nb4 {[%emt 0:00:02]}
16. Ra3 { [%emt 0:00:09]} Bxd5 {[%emt 0:00:15]} 17. Bxd5 {[%emt 0:00:07]} Qxd5
{[%emt 0:00:09]} 18. Qxd5 {[%emt 0:00:01]} Nxd5 {[%emt 0:00:03]} 19. c4 {[%emt
0:00:02]} Ne7 {[%emt 0:02:00]} 20. Be3 {[%emt 0:00:10]} Rfd8 {[%emt 0:00:05]}
21. a5 { [%emt 0:00:05]} Rd3 {[%emt 0:00:29]} 22. axb6 {[%emt 0:00:13]} axb6
{[%emt 0:00:03]} 23. Nc1 {[%emt 0:00:09]} Rc3 {[%emt 0:00:12]} 24. Na2 {[%emt
0:00:09]} Rc2 {[%emt 0:00:28]} 25. Nb4 {[%emt 0:00:02]} Rc3 {[%emt 0:00:09]}
26. Bd2 { [%emt 0:01:05]} Rf3 {[%emt 0:00:03]} 27. g4 {[%emt 0:00:01]} h5
{[%emt 0:01:36] } 28. gxh5 {[%emt 0:00:17]} gxh5 {[%emt 0:00:02]} 29. Kg2
{[%emt 0:00:01]} Rf5 {[%emt 0:00:04]} 30. Be3 {[%emt 0:00:14]} Kh7 {[%emt
0:00:34]} 31. Ra7 { [%emt 0:00:06]} b5 {[%emt 0:00:40]} 32. c5 {[%emt 0:00:06]}
Bg5 {[%emt 0:00:14] } 33. c6 {[%emt 0:00:13]} Bxe3 {[%emt 0:00:13]} 34. fxe3
{[%emt 0:00:16]} Rg8+ {[%emt 0:00:02]} 35. Kh3 {[%emt 0:00:06]} Rxf1 {[%emt
0:00:09]} 36. Rxe7 { [%emt 0:00:02]} Rf3+ {[%emt 0:00:02]} 37. Kh4 {[%emt
0:00:04]} Rg7 {[%emt 0:00:04]} 38. c7 {[%emt 0:00:05]} Rxe3 {[%emt 0:00:04]}
39. Nd5 {[%emt 0:00:46]} Re4+ {[%emt 0:00:44]} 40. Kh3 {[%emt 0:00:13]} Rd4
{[%emt 0:00:02]} 41. Nf6+ { [%emt 0:00:05]} Kh6 {[%emt 0:00:03]} 42. Rd7 {[%emt
0:00:15]} Rf4 {[%emt 0:00:03]} 43. Rd3 {[%emt 0:00:03]} Rg1 {[%emt 0:00:04]}
44. c8=Q {[%emt 0:00:04]} Kg5 {[%emt 0:00:01]} 45. Nh7+ {[%emt 0:00:03]} Kh6
{[%emt 0:00:01]} 46. Qh8 { [%emt 0:00:01]} Re1 {[%emt 0:00:05]} 47. Nf8+ {[%emt
0:00:08]} Kg5 {[%emt 0:00:03]} 48. Rg3+ {[%emt 0:00:04]} Kf5 {[%emt 0:00:02]}
49. Nd7 {[%emt 0:00:02]} Ke4 {[%emt 0:00:01]} 50. Qc3 {[%emt 0:00:05]} h4
{[%emt 0:00:02]} 51. Qd3# { [%emt 0:00:03]} 1-0

[Event "DSJ Weihnachtsturnier U20 2020"]
[Site "https://play.chessbase.com/en/play?room=DSJWeihnachtU20"]
[Date "2020.12.29"]
[Round "6"]
[White "Huber, Benedikt"]
[Black "Schmider, Niklas"]
[Result "1-0"]
[Termination "normal"]
[Board "8.2"]
[BlackTitle "FM"]
[WhiteElo "1613"]
[BlackElo "2303"]
[WhiteTeam "SK Kelheim 1920"]
[BlackTeam "OSG Baden-Baden"]
[PlyCount "75"]
[WhiteFideId "16281225"]
[BlackFideId "12993778"]
[EventRounds "7"]
[EventType "team-swiss"]
[EventDate "2020.12.29"]

1. e4 {[%emt 0:00:01]} c5 {[%emt 0:00:06]} 2. c3 {[%emt 0:00:02]} d5 {[%emt
0:00:03]} 3. exd5 {[%emt 0:00:01]} Qxd5 {[%emt 0:00:01]} 4. d4 {[%emt 0:00:01]}
Nc6 {[%emt 0:00:02]} 5. Nf3 {[%emt 0:00:01]} Bf5 {[%emt 0:00:25]} 6. Na3 {
[%emt 0:00:28]} cxd4 {[%emt 0:00:06]} 7. Be2 {[%emt 0:00:50]} d3 {[%emt
0:00:09]} 8. Bf1 {[%emt 0:00:16]} O-O-O {[%emt 0:00:11]} 9. Qb3 {[%emt
0:00:11]} e5 {[%emt 0:00:19]} 10. Qxd5 {[%emt 0:00:15]} Rxd5 {[%emt 0:00:00]}
11. Nc4 { [%emt 0:00:03]} Bc5 {[%emt 0:00:15]} 12. b4 {[%emt 0:00:10]} Bb6
{[%emt 0:00:12]} 13. Nxb6+ {[%emt 0:00:02]} axb6 {[%emt 0:00:00]} 14. Be3
{[%emt 0:00:09]} e4 {[%emt 0:00:20]} 15. Nd2 {[%emt 0:00:10]} Nf6 {[%emt
0:00:08]} 16. a4 { [%emt 0:00:10]} Rd7 {[%emt 0:00:06]} 17. b5 {[%emt 0:00:15]}
Ne5 {[%emt 0:00:07]} 18. Bxb6 {[%emt 0:00:01]} Nd5 {[%emt 0:00:10]} 19. Bd4
{[%emt 0:00:09]} Re8 {[%emt 0:00:10]} 20. O-O-O {[%emt 0:00:12]} b6 {[%emt
0:00:46]} 21. Re1 { [%emt 0:00:16]} Ng4 {[%emt 0:02:43]} 22. f3 {[%emt
0:00:56]} Ngf6 {[%emt 0:01:39]} 23. fxe4 {[%emt 0:00:24]} Nxe4 {[%emt 0:00:02]}
24. Nxe4 {[%emt 0:00:04]} Rxe4 {[%emt 0:00:08]} 25. Rxe4 {[%emt 0:00:25]} Bxe4
{[%emt 0:00:00]} 26. Kd2 { [%emt 0:00:01]} Nf4 {[%emt 0:00:54]} 27. Bxb6 {[%emt
0:00:39]} f5 {[%emt 0:00:54]} 28. Rg1 {[%emt 0:02:07] .} Ng6 {[%emt 0:00:05]}
29. Bd4 {[%emt 0:00:13]} Nh4 {[%emt 0:00:02]} 30. Bxd3 {[%emt 0:00:08]} Bxg2
{[%emt 0:00:13]} 31. Rxg2 { [%emt 0:00:54]} Nxg2 {[%emt 0:00:00]} 32. Bxf5
{[%emt 0:00:01]} g6 {[%emt 0:00:05]} 33. Bxd7+ {[%emt 0:00:04]} Kxd7 {[%emt
0:00:00]} 34. a5 {[%emt 0:00:12]} Nh4 {[%emt 0:00:03]} 35. Ke2 {[%emt 0:00:12]}
Nf5 {[%emt 0:00:01]} 36. a6 { [%emt 0:00:06]} Kc8 {[%emt 0:00:12]} 37. b6
{[%emt 0:00:10]} Nd6 {[%emt 0:00:10]} 38. Be5 {[%emt 0:00:10] Baden1-002 gibt
auf} 1-0

[Event "DSJ Weihnachtsturnier U20 2020"]
[Site "https://play.chessbase.com/en/play?room=DSJWeihnachtU20"]
[Date "2020.12.29"]
[Round "6"]
[White "Doll, Alexander"]
[Black "Gold, Florian"]
[Result "1-0"]
[Termination "normal"]
[Board "8.3"]
[WhiteElo "2136"]
[BlackElo "1769"]
[WhiteTeam "OSG Baden-Baden"]
[BlackTeam "SK Kelheim 1920"]
[PlyCount "65"]
[WhiteFideId "16228294"]
[BlackFideId "16220536"]
[EventRounds "7"]
[EventType "team-swiss"]
[EventDate "2020.12.29"]

1. e4 {[%emt 0:00:07] Kelheim1-003 kibitzing!? Kelheim1-003 reconnected.} e5 {
[%emt 0:00:18]} 2. Nf3 {[%emt 0:00:02]} Nc6 {[%emt 0:00:01]} 3. Bc4 {[%emt
0:00:07]} Nf6 {[%emt 0:00:01]} 4. d3 {[%emt 0:00:03]} Bc5 {[%emt 0:00:04]} 5.
O-O {[%emt 0:00:03]} d6 {[%emt 0:00:10]} 6. c3 {[%emt 0:00:07]} a6 {[%emt
0:00:02]} 7. Bb3 {[%emt 0:00:02]} h6 {[%emt 0:00:02]} 8. Nbd2 {[%emt 0:00:05]}
g5 { [%emt 0:00:02]} 9. Nc4 {[%emt 0:00:09]} Be6 {[%emt 0:00:12]} 10. Be3
{[%emt 0:00:09]} Bxe3 {[%emt 0:00:15]} 11. Nxe3 {[%emt 0:00:00]} Qd7 {[%emt
0:00:20]} 12. Ba4 {[%emt 0:00:52]} g4 {[%emt 0:00:58]} 13. Nh4 {[%emt 0:00:14]}
O-O-O { [%emt 0:00:03]} 14. d4 {[%emt 0:00:46]} exd4 {[%emt 0:00:22]} 15. cxd4
{ [%emt 0:00:03]} d5 {[%emt 0:00:01]} 16. e5 {[%emt 0:00:17]} Ne4 {[%emt
0:00:17] } 17. Rc1 {[%emt 0:00:14]} b5 {[%emt 0:00:36]} 18. Bc2 {[%emt
0:00:13]} f5 { [%emt 0:00:16]} 19. Bxe4 {[%emt 0:01:04]} fxe4 {[%emt 0:00:47]}
20. Ng6 { [%emt 0:00:17]} Rhg8 {[%emt 0:00:57]} 21. Nf4 {[%emt 0:00:04]} Nb8
{[%emt 0:00:18]} 22. Qc2 {[%emt 0:00:39]} c6 {[%emt 0:00:07]} 23. a4 {[%emt
0:00:16]} Rdf8 {[%emt 0:00:09]} 24. Nxe6 {[%emt 0:00:05]} Qxe6 {[%emt 0:00:00]}
25. axb5 { [%emt 0:00:01]} axb5 {[%emt 0:00:01]} 26. Qc5 {[%emt 0:00:09]} Kb7
{[%emt 0:00:29]} 27. Ra1 {[%emt 0:00:06]} Na6 {[%emt 0:00:01]} 28. Rxa6 {[%emt
0:00:03]} Kxa6 {[%emt 0:00:01]} 29. Ra1+ {[%emt 0:00:02]} Kb7 {[%emt 0:00:01]}
30. Ra7+ { [%emt 0:00:09]} Kc8 {[%emt 0:00:03]} 31. Qb6 {[%emt 0:01:08]} Rf7
{[%emt 0:00:28]} 32. Ra8+ {[%emt 0:00:11]} Kd7 {[%emt 0:00:01]} 33. Qb7# {[%emt
0:00:04]} 1-0

[Event "DSJ Weihnachtsturnier U20 2020"]
[Site "https://play.chessbase.com/en/play?room=DSJWeihnachtU20"]
[Date "2020.12.29"]
[Round "6"]
[White "Piehler, Sebastian"]
[Black "Chernykh, Arkady"]
[Result "1/2-1/2"]
[Termination "normal"]
[Board "8.4"]
[WhiteElo "1603"]
[BlackElo "2125"]
[WhiteTeam "SK Kelheim 1920"]
[BlackTeam "OSG Baden-Baden"]
[PlyCount "124"]
[WhiteFideId "16222032"]
[BlackFideId "12989436"]
[EventRounds "7"]
[EventType "team-swiss"]
[EventDate "2020.12.29"]

1. d4 {[%emt 0:00:08]} Nf6 {[%emt 0:00:03]} 2. c4 {[%emt 0:00:03]} g6 {[%emt
0:00:03]} 3. Nc3 {[%emt 0:00:03]} Bg7 {[%emt 0:00:02]} 4. e4 {[%emt 0:00:02]}
d6 {[%emt 0:00:05]} 5. f3 {[%emt 0:00:04]} O-O {[%emt 0:00:01]} 6. Be3 {[%emt
0:00:03]} a6 {[%emt 0:00:01]} 7. Qd2 {[%emt 0:00:05]} c5 {[%emt 0:00:02]} 8. d5
{ [%emt 0:00:02]} b5 {[%emt 0:00:34]} 9. cxb5 {[%emt 0:00:07]} axb5 {[%emt
0:00:01]} 10. Bxb5 {[%emt 0:00:06]} Ba6 {[%emt 0:00:02]} 11. Bxa6 {[%emt
0:00:23]} Nxa6 {[%emt 0:00:02]} 12. Nge2 {[%emt 0:00:42]} Nd7 {[%emt 0:00:01]}
13. Bh6 { [%emt 0:00:34]} Qb6 {[%emt 0:00:11]} 14. Bxg7 {[%emt 0:00:09]} Kxg7
{[%emt 0:00:01]} 15. O-O {[%emt 0:00:31]} Rfb8 {[%emt 0:00:02]} 16. Rfb1 {[%emt
0:00:06] } Ne5 {[%emt 0:00:04]} 17. b3 {[%emt 0:01:23]} c4+ {[%emt 0:00:11]}
18. Qd4 { [%emt 0:00:03]} Qxd4+ {[%emt 0:00:30]} 19. Nxd4 {[%emt 0:00:03]} Nc5
{[%emt 0:00:18]} 20. bxc4 {[%emt 0:00:21]} Nxc4 {[%emt 0:00:06]} 21. Nc6 {[%emt
0:00:24] } Rxb1+ {[%emt 0:00:09]} 22. Rxb1 {[%emt 0:00:04]} Kf6 {[%emt
0:00:05]} 23. Rb4 {[%emt 0:00:51]} Ne5 {[%emt 0:00:19]} 24. Nxe5 {[%emt
0:00:13]} Kxe5 {[%emt 0:00:02]} 25. a4 {[%emt 0:00:29]} Nd3 {[%emt 0:00:34]}
26. Rc4 {[%emt 0:00:37]} Rb8 {[%emt 0:00:36]} 27. Nb5 {[%emt 0:00:06]} Nb2
{[%emt 0:00:16]} 28. Rb4 { [%emt 0:00:17]} Nxa4 {[%emt 0:00:04]} 29. Rxa4
{[%emt 0:00:19]} Rxb5 {[%emt 0:00:02]} 30. Kf2 {[%emt 0:00:01]} Rb2+ {[%emt
0:00:03]} 31. Kg3 {[%emt 0:00:01]} h5 {[%emt 0:00:01]} 32. Ra7 {[%emt 0:00:05]}
Kf6 {[%emt 0:00:01]} 33. h4 { [%emt 0:00:04]} e6 {[%emt 0:00:14]} 34. dxe6
{[%emt 0:00:05]} fxe6 {[%emt 0:00:02]} 35. Ra5 {[%emt 0:00:03]} Rc2 {[%emt
0:00:07]} 36. Rb5 {[%emt 0:00:10]} Rc5 {[%emt 0:00:02]} 37. Rb2 {[%emt
0:00:04]} d5 {[%emt 0:00:06]} 38. exd5 { [%emt 0:00:04]} exd5 {[%emt 0:00:01]}
39. Rd2 {[%emt 0:00:03]} Ke5 {[%emt 0:00:02]} 40. Kf2 {[%emt 0:00:17]} d4
{[%emt 0:00:03]} 41. g4 {[%emt 0:00:03]} Rd5 { [%emt 0:00:21]} 42. gxh5 {[%emt
0:00:04]} gxh5 {[%emt 0:00:02]} 43. Rd3 { [%emt 0:00:32]} Kf4 {[%emt 0:00:11]}
44. Ke2 {[%emt 0:00:03]} Rd7 {[%emt 0:00:11]} 45. Kf2 {[%emt 0:00:03]} Ke5
{[%emt 0:00:02]} 46. Rd1 {[%emt 0:00:04]} Kd5 {[%emt 0:00:06]} 47. Kg3 {[%emt
0:00:05]} Kc4 {[%emt 0:00:04]} 48. f4 {[%emt 0:00:09]} d3 {[%emt 0:00:03]} 49.
f5 {[%emt 0:00:05]} Kc3 {[%emt 0:00:03]} 50. f6 {[%emt 0:00:08]} Kc2 {[%emt
0:00:02]} 51. Rf1 {[%emt 0:00:05]} d2 {[%emt 0:00:03]} 52. Kf4 {[%emt 0:00:04]}
d1=Q {[%emt 0:00:15]} 53. Rxd1 {[%emt 0:00:02]} Kxd1 {[%emt 0:00:01]} 54. Kg5
{[%emt 0:00:01]} Ke2 {[%emt 0:00:04]} 55. Kg6 { [%emt 0:00:02]} Kf3 {[%emt
0:00:03]} 56. Kxh5 {[%emt 0:00:07]} Kf4 {[%emt 0:00:02]} 57. Kg6 {[%emt
0:00:02]} Rd6 {[%emt 0:00:19]} 58. Kg7 {[%emt 0:00:05]} Kf5 {[%emt 0:00:15]}
59. f7 {[%emt 0:00:02]} Rd7 {[%emt 0:00:09]} 60. Kg8 {[%emt 0:00:02]} Rxf7
{[%emt 0:00:17]} 61. Kxf7 {[%emt 0:00:01]} Kg4 {[%emt 0:00:00]} 62. Kg7 {[%emt
0:00:01]} Kxh4 {[%emt 0:00:01]} 1/2-1/2

[Event "DSJ Weihnachtsturnier U20 2020"]
[Site "https://play.chessbase.com/en/play?room=DSJWeihnachtU20"]
[Date "2020.12.29"]
[Round "6"]
[White "Runte, Moritz"]
[Black "Fidlin, Simon"]
[Result "1-0"]
[Termination "normal"]
[Board "9.1"]
[WhiteElo "2133"]
[BlackElo "1862"]
[WhiteTeam "Schachverein Hemer 1932"]
[BlackTeam "Karlsruher SF 1853 2"]
[PlyCount "107"]
[WhiteFideId "12991449"]
[BlackFideId "16217535"]
[EventRounds "7"]
[EventType "team-swiss"]
[EventDate "2020.12.29"]

1. e4 {[%emt 0:00:03]} c5 {[%emt 0:00:04]} 2. Nf3 {[%emt 0:00:02]} d6 {[%emt
0:00:02]} 3. d4 {[%emt 0:00:02]} cxd4 {[%emt 0:00:00]} 4. Nxd4 {[%emt 0:00:01]}
Nf6 {[%emt 0:00:00]} 5. Nc3 {[%emt 0:00:01]} a6 {[%emt 0:00:01]} 6. g3 { [%emt
0:00:02]} e5 {[%emt 0:00:05]} 7. Nde2 {[%emt 0:00:01]} Be7 {[%emt 0:00:04]} 8.
Bg2 {[%emt 0:00:02]} Be6 {[%emt 0:00:06]} 9. O-O {[%emt 0:00:02]} Nbd7 {[%emt
0:00:09]} 10. h3 {[%emt 0:00:19]} b5 {[%emt 0:00:41]} 11. g4 {[%emt 0:00:27]}
h6 {[%emt 0:00:17]} 12. Ng3 {[%emt 0:00:09]} g6 {[%emt 0:00:29]} 13. Nd5 {[%emt
0:01:19]} Bxd5 {[%emt 0:00:07]} 14. exd5 {[%emt 0:00:03]} Rc8 { [%emt 0:00:02]}
15. c3 {[%emt 0:00:05]} Kf8 {[%emt 0:00:40]} 16. f4 {[%emt 0:00:09]} exf4
{[%emt 0:00:08]} 17. Bxf4 {[%emt 0:00:08]} Ne5 {[%emt 0:00:12]} 18. Bxe5 {[%emt
0:00:20]} dxe5 {[%emt 0:00:06]} 19. Kh1 {[%emt 0:00:15]} Kg7 { [%emt 0:00:09]}
20. a4 {[%emt 0:00:17]} Qb6 {[%emt 0:00:22]} 21. axb5 {[%emt 0:00:09]} axb5
{[%emt 0:00:02]} 22. Qe2 {[%emt 0:00:42]} Bd6 {[%emt 0:00:54]} 23. Qf3 {[%emt
0:00:10]} Be7 {[%emt 0:00:40]} 24. Ne4 {[%emt 0:00:05]} Rc4 { [%emt 0:00:46]}
25. d6 {[%emt 0:01:03]} Rxe4 {[%emt 0:00:17]} 26. dxe7 { [%emt 0:00:03]} Rf4
{[%emt 0:00:12]} 27. Qc6 {[%emt 0:00:27]} Qb8 {[%emt 0:00:58]} 28. Rxf4 {[%emt
0:00:15]} exf4 {[%emt 0:00:04]} 29. Re1 {[%emt 0:00:23]} Re8 {[%emt 0:00:31]}
30. b4 {[%emt 0:00:44]} Qa7 {[%emt 0:01:11]} 31. Qc5 { [%emt 0:00:43]} Qa2
{[%emt 0:00:33]} 32. Qxb5 {[%emt 0:00:24]} Qd2 {[%emt 0:00:30]} 33. Qe5 {[%emt
0:00:09]} Rc8 {[%emt 0:00:21]} 34. b5 {[%emt 0:00:20]} Qb2 {[%emt 0:00:18]} 35.
Re2 {[%emt 0:00:10]} Qb1+ {[%emt 0:00:02]} 36. Kh2 { [%emt 0:00:02]} f3 {[%emt
0:00:02]} 37. Bxf3 {[%emt 0:00:05]} Qf1 {[%emt 0:00:01]} 38. Bg2 {[%emt
0:00:05]} Qb1 {[%emt 0:00:01]} 39. c4 {[%emt 0:00:20]} Qb3 {[%emt 0:00:05]} 40.
Bc6 {[%emt 0:00:20]} Qxc4 {[%emt 0:00:04]} 41. e8=Q { [%emt 0:00:05]} Rxe8
{[%emt 0:00:01]} 42. Bxe8 {[%emt 0:00:01]} h5 {[%emt 0:00:01]} 43. Rf2 {[%emt
0:00:13]} Kf8 {[%emt 0:00:04]} 44. Bxf7 {[%emt 0:00:06]} Nd7 {[%emt 0:00:05]}
45. Qe8+ {[%emt 0:00:13]} Kg7 {[%emt 0:00:02]} 46. Qxd7 { [%emt 0:00:08]} Qc3
{[%emt 0:00:02]} 47. Bd5+ {[%emt 0:00:04]} Kh6 {[%emt 0:00:02]} 48. Qf7 {[%emt
0:00:07]} Qe5+ {[%emt 0:00:02]} 49. Qf4+ {[%emt 0:00:01]} Qxf4+ {[%emt
0:00:02]} 50. Rxf4 {[%emt 0:00:00]} g5 {[%emt 0:00:00]} 51. Rf6+ { [%emt
0:00:01]} Kg7 {[%emt 0:00:00]} 52. Rf7+ {[%emt 0:00:01]} Kg6 {[%emt 0:00:01]}
53. b6 {[%emt 0:00:01]} hxg4 {[%emt 0:00:01]} 54. hxg4 {[%emt 0:00:00] (Lag:
Av=0.28s, max=0.8s)} 1-0

[Event "DSJ Weihnachtsturnier U20 2020"]
[Site "https://play.chessbase.com/en/play?room=DSJWeihnachtU20"]
[Date "2020.12.29"]
[Round "6"]
[White "Hänselmann, Hendrik"]
[Black "Ciolacu, Alessia-Mihaela"]
[Result "0-1"]
[Termination "normal"]
[Board "9.2"]
[BlackTitle "WFM"]
[WhiteElo "1828"]
[BlackElo "2052"]
[WhiteTeam "Karlsruher SF 1853 2"]
[BlackTeam "Schachverein Hemer 1932"]
[PlyCount "56"]
[WhiteFideId "16232755"]
[BlackFideId "1252640"]
[EventRounds "7"]
[EventType "team-swiss"]
[EventDate "2020.12.29"]

1. e4 {[%emt 0:00:57]} e5 {[%emt 0:00:03]} 2. Nf3 {[%emt 0:00:04]} Nc6 { [%emt
0:00:02]} 3. Nc3 {[%emt 0:00:02]} Nf6 {[%emt 0:00:03]} 4. a3 {[%emt 0:00:03]}
Be7 {[%emt 0:00:11]} 5. d4 {[%emt 0:00:03]} exd4 {[%emt 0:00:07]} 6. Nxd4
{[%emt 0:00:00]} O-O {[%emt 0:00:07]} 7. Be2 {[%emt 0:00:10]} d5 {[%emt
0:00:26]} 8. Nxc6 {[%emt 0:00:41]} bxc6 {[%emt 0:00:02]} 9. e5 {[%emt 0:00:06]}
Nd7 {[%emt 0:00:15]} 10. f4 {[%emt 0:00:23]} Bc5 {[%emt 0:00:02]} 11. Qd3
{[%emt 0:00:06]} Rb8 {[%emt 0:00:47]} 12. b4 {[%emt 0:00:19]} Bb6 {[%emt
0:00:09]} 13. Be3 {[%emt 0:00:19]} Qh4+ {[%emt 0:00:35]} 14. g3 {[%emt
0:00:21]} Qh3 { [%emt 0:00:02]} 15. Bf1 {[%emt 0:00:18]} Qh6 {[%emt 0:00:10]}
16. Bxb6 { [%emt 0:00:27]} Nxb6 {[%emt 0:00:51]} 17. Bg2 {[%emt 0:00:43]} f6
{[%emt 0:00:03]} 18. O-O {[%emt 0:00:45]} fxe5 {[%emt 0:00:02]} 19. fxe5 {[%emt
0:00:02]} Bh3 {[%emt 0:00:28]} 20. b5 {[%emt 0:00:19]} Nc4 {[%emt 0:00:16]} 21.
Rxf8+ { [%emt 0:01:29]} Rxf8 {[%emt 0:00:03]} 22. Nxd5 {[%emt 0:00:47]} Nxe5
{[%emt 0:02:07]} 23. Ne7+ {[%emt 0:00:29]} Kh8 {[%emt 0:00:02]} 24. Qe4 {[%emt
0:00:14]} Bxg2 {[%emt 0:00:13]} 25. Qxg2 {[%emt 0:00:21]} Qf6 {[%emt 0:00:22]}
26. Nxc6 { [%emt 0:00:04]} Nf3+ {[%emt 0:00:02]} 27. Kh1 {[%emt 0:00:04]} Qxa1+
{[%emt 0:00:01]} 28. Qf1 {[%emt 0:00:10]} Qxf1# {[%emt 0:00:02]} 0-1

[Event "DSJ Weihnachtsturnier U20 2020"]
[Site "https://play.chessbase.com/en/play?room=DSJWeihnachtU20"]
[Date "2020.12.29"]
[Round "6"]
[White "Trinh, Fabian Dat"]
[Black "Borodaev, Roman"]
[Result "1-0"]
[Termination "normal"]
[Board "9.3"]
[WhiteElo "1818"]
[BlackElo "1657"]
[WhiteTeam "Schachverein Hemer 1932"]
[BlackTeam "Karlsruher SF 1853 2"]
[PlyCount "75"]
[WhiteFideId "16243641"]
[BlackFideId "16274881"]
[EventRounds "7"]
[EventType "team-swiss"]
[EventDate "2020.12.29"]

1. d4 {[%emt 0:00:04]} Nf6 {[%emt 0:00:02]} 2. Bf4 {[%emt 0:00:02]} c5 { [%emt
0:00:03]} 3. e3 {[%emt 0:00:02]} d5 {[%emt 0:00:02]} 4. c3 {[%emt 0:00:02]} e6
{[%emt 0:00:01]} 5. Nf3 {[%emt 0:00:07]} Nc6 {[%emt 0:00:04]} 6. Nbd2 { [%emt
0:00:02]} cxd4 {[%emt 0:00:05]} 7. exd4 {[%emt 0:00:02]} Bd6 {[%emt 0:00:01]}
8. Bg3 {[%emt 0:00:02]} O-O {[%emt 0:00:10]} 9. Bd3 {[%emt 0:00:02]} Re8 {
[%emt 0:00:02]} 10. O-O {[%emt 0:00:25]} e5 {[%emt 0:00:07]} 11. dxe5 {[%emt
0:00:05]} Bxe5 {[%emt 0:00:01]} 12. Nxe5 {[%emt 0:00:13]} Nxe5 {[%emt 0:00:00]}
13. Bxe5 {[%emt 0:00:16]} Rxe5 {[%emt 0:00:00]} 14. Nf3 {[%emt 0:00:04]} Re7 {
[%emt 0:00:16]} 15. Qc2 {[%emt 0:00:25]} Bg4 {[%emt 0:00:09]} 16. Nd4 {[%emt
0:00:03]} Qe8 {[%emt 0:00:19]} 17. h3 {[%emt 0:00:09]} Bh5 {[%emt 0:00:05]} 18.
Qb3 {[%emt 0:01:13]} Bg6 {[%emt 0:01:22]} 19. Bxg6 {[%emt 0:00:05]} hxg6 {
[%emt 0:00:03]} 20. a4 {[%emt 0:00:18]} Rd8 {[%emt 0:00:48]} 21. Qb5 {[%emt
0:00:11]} a6 {[%emt 0:00:12]} 22. Qxe8+ {[%emt 0:00:25]} Rdxe8 {[%emt 0:00:00]}
23. f3 {[%emt 0:00:18]} Nh5 {[%emt 0:00:08]} 24. Rad1 {[%emt 0:00:42]} Ng3 {
[%emt 0:00:12]} 25. Rf2 {[%emt 0:00:12]} f5 {[%emt 0:00:26]} 26. Kh2 {[%emt
0:00:31]} f4 {[%emt 0:00:07]} 27. Rfd2 {[%emt 0:01:17] Hemer1-003 offers a
draw} Re1 {[%emt 0:00:19]} 28. Nc2 {[%emt 0:00:05]} Nf1+ {[%emt 0:00:17]} 29.
Kg1 { [%emt 0:00:15]} Nxd2+ {[%emt 0:00:42]} 30. Rxe1 {[%emt 0:00:35]} Rxe1+ {
[%emt 0:00:18]} 31. Nxe1 {[%emt 0:00:00]} Nc4 {[%emt 0:00:01]} 32. Nd3 { [%emt
0:00:06]} g5 {[%emt 0:00:01]} 33. Kf2 {[%emt 0:00:08]} Kf7 {[%emt 0:00:05]} 34.
b3 {[%emt 0:00:06]} Nd6 {[%emt 0:00:32]} 35. Nc5 {[%emt 0:00:09]} Ke7 {[%emt
0:00:12]} 36. Ke2 {[%emt 0:00:03]} g6 {[%emt 0:00:02]} 37. Kd3 {[%emt 0:00:02]}
Kf6 {[%emt 0:00:12]} 38. Kd4 {[%emt 0:00:03]} 1-0